FUNDAMENTALS FOR CONTROL OF ROBOTIC MANIPULATORS (Record no. 575262)
[ view plain ]
| 000 -LEADER | |
|---|---|
| fixed length control field | 00361nam a22001337a 4500 |
| 020 ## - INTERNATIONAL STANDARD BOOK NUMBER | |
| International Standard Book Number | 0-471-84714-9 |
| 082 ## - DEWEY DECIMAL CLASSIFICATION NUMBER | |
| Classification number | 629.892 KOI |
| 100 ## - MAIN ENTRY--PERSONAL NAME | |
| Personal name | KOIVO, ANTTI J |
| 9 (RLIN) | 67494 |
| 245 ## - TITLE STATEMENT | |
| Title | FUNDAMENTALS FOR CONTROL OF ROBOTIC MANIPULATORS |
| 260 ## - PUBLICATION, DISTRIBUTION, ETC. | |
| Place of publication, distribution, etc. | NEW YORK |
| Name of publisher, distributor, etc. | JOHN WILEY |
| Date of publication, distribution, etc. | 1989 |
| 300 ## - PHYSICAL DESCRIPTION | |
| Extent | XI,467P |
| 650 ## - SUBJECT ADDED ENTRY--TOPICAL TERM | |
| Topical term or geographic name entry element | ROBOTICS MAINPULATORS (MECHANISM) |
| 9 (RLIN) | 67495 |
| 942 ## - ADDED ENTRY ELEMENTS (KOHA) | |
| Koha item type | Book |
| Withdrawn status | Lost status | Damaged status | Not for loan | Permanent Location | Current Location | Shelving location | Date acquired | Total Checkouts | Full call number | Barcode | Date last seen | Price effective from | Koha item type |
|---|---|---|---|---|---|---|---|---|---|---|---|---|---|
| College of Electrical & Mechanical Engineering (CEME) | College of Electrical & Mechanical Engineering (CEME) | General Stacks | 08/01/2017 | 1 | 629.892 KOI | CEME-27602 | 06/28/2021 | 06/28/2021 | Book |
